Richest countries in world - Statistics

General Stats
  • This quiz has been taken 87 times
    20 since last reset
  • The average score is 14 of 15
Answer Stats
GDP (Hint) Country % Correct
2.3 Trillion Brazil
100%
3.4 Trillion France
100%
30.6 Trillion United States of America
100%
2.3 Trillion Canada
94%
19.4 Trillion China
94%
5 Trillion Germany
94%
1.9 Trillion Mexico
94%
1.9 Trillion Spain
94%
4 Trillion United Kingdom
94%
4.1 Trillion India
88%
4.3 Trillion Japan
88%
2.5 Trillion Russia
88%
1.9 Trillion South Korea
88%
1.8 Trillion Australia
81%
1.6 Trillion Turkey
63%
No matching quizzes found
Score Distribution
Percent of People with Each Score
Percentile by Number Answered
Your Score History
You have not taken this quiz since the last reset